ARRUPE JESUIT UNIVERSITY

CORONAVIRUS -STOP THE SPREAD - CLEAN,DISINFECT,COVER

A Dictionary of Politics (Record no. 47583)

MARC details
000 -LEADER
fixed length control field 00514nam a2200193Ia 4500
003 - CONTROL NUMBER IDENTIFIER
control field ARRUPE
005 - DATE AND TIME OF LATEST TRANSACTION
control field 20160307144946.0
008 - FIXED-LENGTH DATA ELEMENTS--GENERAL INFORMATION
fixed length control field 130303s9999 xx 000 0 und d
040 ## - CATALOGING SOURCE
Transcribing agency ARRUPELIB
050 ## - LIBRARY OF CONGRESS CALL NUMBER
Classification number REF D419.E4 1959
300 ## - PHYSICAL DESCRIPTION
Dimensions 18cm.
100 ## - MAIN ENTRY--PERSONAL NAME
Personal name Elliott, Florence
9 (RLIN) 22771
245 #2 - TITLE STATEMENT
Title A Dictionary of Politics
260 ## - PUBLICATION, DISTRIBUTION, ETC. (IMPRINT)
Place of publication, distribution, etc Middlesex
260 ## - PUBLICATION, DISTRIBUTION, ETC. (IMPRINT)
Name of publisher, distributor, etc Penguin Books
300 ## - PHYSICAL DESCRIPTION
Extent 396p.;
650 ## - SUBJECT ADDED ENTRY--TOPICAL TERM
Topical term following geographic name as entry element Political science
General subdivision Dictionaries
9 (RLIN) 22772
700 ## - ADDED ENTRY--PERSONAL NAME
Personal name Summerskill, Michael
9 (RLIN) 22773
942 ## - ADDED ENTRY ELEMENTS (KOHA)
Source of classification or shelving scheme Library of Congress Classification
Koha item type REFERENCE
Holdings
Withdrawn status Lost status Source of classification or shelving scheme Damaged status Not for loan Home library Current library Date acquired Total Checkouts Full call number Barcode Date last seen Price effective from Koha item type
    Library of Congress Classification     ARRUPE LIBRARY ARRUPE LIBRARY 14/03/2016   REF D419.E4 1959 46500005485 14/03/2016 14/03/2016 REFERENCE

 

Arrupe Library. PO Box MP320 Mt Pleasant, Harare, Zimbabwe
263 242 745411|librarian@aju.ac.zw